English for presentations

محفوظ في:
التفاصيل البيبلوغرافية
المؤلف الرئيسي:  Grussendorf, Marion
التنسيق: Sách
اللغة:Undetermined
منشور في:  Oxford University Press  2007
الموضوعات:
الوسوم: إضافة وسم
لا توجد وسوم, كن أول من يضع وسما على هذه التسجيلة!
Thư viện lưu trữ: Trung tâm Thư viện - Trường Đại học Công nghiệp TP. Hồ Chí Minh
LEADER 00501nam a2200157Ia 4500
001 UIH_06003
008 231011s9999 xx 000 0 und d
082 |a  428.2402465 
100 |a  Grussendorf, Marion 
245 0 |a  English for presentations 
245 0 |c  Grussendorf, Marion 
260 |b  Oxford University Press 
260 |c  2007 
650 |a  Tiếng Anh; Tiếng Anh;  
927 |a Sách 
980 |a Trung tâm Thư viện - Trường Đại học Công nghiệp TP. Hồ Chí Minh